000 02411cam a2200229 4500500
005 20251228153837.0
041 _afre
042 _adc
100 1 0 _aDemilly, Hélène
_eauthor
245 0 0 _a(Dé)chiffrer la « mixité ». Usages et appropriations de la quantification dans un programme managérial d’égalité professionnelle
260 _c2020.
500 _a38
520 _aL’article interroge l’usage de la quantification dans les processus de « managérialisation » de l’égalité professionnelle femmes-hommes, grâce à l’étude d’un programme mis en place par une entreprise. Les porteurs du programme se réapproprient un outil créé par le droit, le Rapport de situation comparée, rsc. Ils utilisent ce dispositif pour se légitimer dans l’organisation, privilégiant une définition de l’égalité centrée sur l’accès des femmes aux échelons supérieurs. Malgré les apparences d’un pilotage par les chiffres, la mise en œuvre du programme s’appuie toutefois davantage sur des éléments subjectifs, tels que le « ressenti des salariés ». Le pouvoir des indicateurs réside ainsi moins dans leur dimension technique que dans l’autorité qu’ils confèrent à cette représentation managériale de l’égalité.
520 _aThe article questions the use of quantification in the process of “managerializing” gender equality in the workplace through the study of a corporate program. The program managers reappropriate a quantification tool created by law, the “Comparative Situation Report” ( rsc). They make use of this device to legitimise themselves in the organisation, promoting a definition of equality focused on women’s access to higher positions. Despite appearances, however, implementation is driven less by numbers than by subjective elements, such as “employee perceptions”. Thus, the power of the indicators relies less on their technical dimension than on the authority that they confer on this managerial definition of equality.
690 _adiversité
690 _aégalité professionnelle femmes-hommes
690 _agenre et travail
690 _amanagérialisation du droit
690 _aquantification
786 0 _nSociologies pratiques | 40 | 1 | 2020-06-04 | p. 95-104 | 1235-9278
856 4 1 _uhttps://shs.cairn.info/revue-sociologies-pratiques-2020-1-page-95?lang=fr&redirect-ssocas=7080
999 _c1609303
_d1609303